000 00718nam a2200289Ia 4500
005 20260324113428.0
008 008 260324s9999 xx 000 0 eng d
020 _a9781003396291
037 _aEBOOK
040 _aCRL
040 _beng
040 _cCRL
041 _2eng
041 _aeng
084 _qCRL
100 _aAdam Poole
_91090971
245 0 _aTeachers’ Journeys into International School Teaching in China
245 0 _bExploring Motivations and Mobilities
260 _bTaylor and Francis
260 _c2023
365 _a
365 _b83.99
856 _uhttp://www.taylorfrancis.com/books/9781003396291
942 _cEBOOK
999 _c1736380
_d1736380